00397nam a2200133Ia 4500008004100000020001500041082001500056100002100071245001800092260004500110300000800155546000900163650009100172230312s9999||||xx |||||||||||||| ||und|| a0155083558 a384bCLA-W aClark, Carol Lea 0aWired society bHarcourt Brace CollegeaFort Worthc1999 a528 aEng. aManagementvCyberspace, Internet as a personal freedon, Wired society and human nature